000 00560nam a2200193Ia 4500
003 GCL
008 140319s9999 xx 000 0 ara d
040 _aGCL /
_cGCL
082 0 4 _a891.703
_bك س
100 1 _aكريوف, يورى
245 1 0 _a"السفينة "" ديربنت """ /
_cكريوف, يورى
700 1 _aعزالدين اسماعيل
300 _a32 ص
490 _a
650 0 4 _aالادب الروسى
650 0 4 _aالقصة الروسية المترجمة
650 0 4 _aالادب الروسى المترجم
942 _2ddc
_cBK
999 _c38597
_d38597